00358nam a2200121Ia 4500008004100000041000800041082001700049100001600066245009300082260001900175365001600194700002600210230718s9999 xx 000 0 und d aeng a362.104bROI aRoizen M.F. aOwners ManualbAn Insiders Guide To The Body To That Will Make You Healthier And Younger bHarper And Rao cRs.b848.00 aRoizen M.F. & Oz M.C.